[Event "WchT Seniors 65"]
[Site "Prague"]
[Date "2020.03.09"]
[Round "4.25"]
[White "Sunkova, Marie"]
[Black "Baumgarten, Werner"]
[Result "1/2-1/2"]
[WhiteElo "1837"]
[BlackElo "1769"]
[PlyCount "54"]
[EventDate "2020.03.06"]
[EventType "team-swiss"]
[EventRounds "7"]
[EventCountry "CZE"]
[SourceTitle "CBM 195 Extra"]
[Source "ChessBase"]
[SourceDate "2020.05.31"]
[SourceVersion "1"]
[SourceVersionDate "2020.05.31"]
[SourceQuality "1"]
[WhiteTeam "Czech Republic 65 (W)"]
[BlackTeam "Germany 65 X"]
[WhiteTeamCountry "CZE"]
[BlackTeamCountry "GER"]

1. d4 Nf6 2. c4 e6 3. Nc3 c5 4. Nf3 cxd4 5. Nxd4 a6 6. e4 d6 7. Bd3 Nc6 8. Nxc6 bxc6 9. 0-0 Be7 10. Bf4 Qc7 11. c5 e5 12. cxd6 Bxd6 13. Be3 0-0 14. f3 Be6 15. Qe2 a5 16. b3 Qe7 17. Rac1 Rfc8 18. Na4 Nd7 19. Rfd1 h6 20. Rc2 Ba3 21. Bc4 Rc7 22. Bxe6 Qxe6 23. Nc5 Nxc5 24. Bxc5 Bxc5+ 25. Rxc5 a4 26. b4 a3 27. Qd2 Rb7 1/2-1/2

[Event "Wch Seniors 65 28th"]
[Site "Bled"]
[Date "2018.11.26"]
[Round "8"]
[White "Baumgarten, Werner"]
[Black "Barzilay, Marianne"]
[Result "0-1"]
[WhiteElo "1872"]
[BlackElo "1493"]
[PlyCount "42"]
[EventDate "2018.11.18"]
[EventType "swiss"]
[EventRounds "11"]
[EventCountry "SLO"]
[SourceTitle "CBM 187 Extra"]
[Source "ChessBase"]
[SourceDate "2018.11.04"]
[SourceVersion "1"]
[SourceVersionDate "2018.11.04"]
[SourceQuality "1"]

1. c4 b6 2. d4 Bb7 3. Nc3 e6 4. Nf3 Nf6 5. Bg5 h6 6. Bh4 Be7 7. Qc2 Nc6 8. a3 d5 9. e3 0-0 10. Rd1 Na5 11. Bxf6 Bxf6 12. cxd5 exd5 13. b3 Re8 14. Be2 Rc8 15. 0-0 Qe7 16. a4 c5 17. Qb2 a6 18. Na2 Nc6 19. Nc3 Nb4 20. Na2 cxd4 21. exd4 Rc2 0-1

[Event "Wch Seniors 65 28th"]
[Site "Bled"]
[Date "2018.11.20"]
[Round "3"]
[White "Ciuro Munoz, Ricardo"]
[Black "Baumgarten, Werner"]
[Result "1-0"]
[WhiteElo "2014"]
[BlackElo "1872"]
[PlyCount "25"]
[EventDate "2018.11.18"]
[EventType "swiss"]
[EventRounds "11"]
[EventCountry "SLO"]
[SourceTitle "CBM 187 Extra"]
[Source "ChessBase"]
[SourceDate "2018.11.04"]
[SourceVersion "1"]
[SourceVersionDate "2018.11.04"]
[SourceQuality "1"]

1. e4 c5 2. Nf3 b6 3. d3 Bb7 4. g3 Nc6 5. Bg2 e5 6. 0-0 d6 7. Nc3 Nf6 8. a4 a5 9. Nh4 Be7 10. Nf5 h6 11. Nxg7+ Kf8 12. Nf5 Bc8 13. Bxh6+ 1-0

[Event "Wch Seniors 65 28th"]
[Site "Bled"]
[Date "2018.11.18"]
[Round "1"]
[White "Privara, Igor"]
[Black "Baumgarten, Werner"]
[Result "1-0"]
[WhiteElo "2207"]
[BlackElo "1872"]
[PlyCount "83"]
[EventDate "2018.11.18"]
[EventType "swiss"]
[EventRounds "11"]
[EventCountry "SLO"]
[SourceTitle "CBM 187 Extra"]
[Source "ChessBase"]
[SourceDate "2018.11.04"]
[SourceVersion "1"]
[SourceVersionDate "2018.11.04"]
[SourceQuality "1"]

1. e4 c5 2. c3 e6 3. d4 b6 4. Nf3 Bb7 5. Bd3 Qc7 6. 0-0 Be7 7. Re1 c4 8. Bc2 Nf6 9. Bg5 h6 10. Bh4 Nc6 11. Nbd2 b5 12. e5 Nd5 13. Bxe7 Ncxe7 14. Ne4 0-0 15. Nh4 f5 16. exf6 Nxf6 17. Nxf6+ Rxf6 18. Qh5 Qf4 19. Re2 g5 20. Ng6 Nxg6 21. Bxg6 Kg7 22. Bc2 g4 23. Qe5 Raf8 24. a4 a6 25. axb5 axb5 26. Qxf4 Rxf4 27. Ra7 Bc6 28. g3 R4f7 29. Be4 d5 30. Rxf7+ Kxf7 31. Bc2 b4 32. Bd1 bxc3 33. bxc3 Ra8 34. Re1 Ra1 35. Kf1 Rc1 36. Bxg4 Rxc3 37. Bxe6+ Kf6 38. Bg4 Ba8 39. Re6+ Kg5 40. h3 Rc1+ 41. Kg2 Rc2 42. Bd1 1-0

[Event "Wch Seniors 65 26th"]
[Site "Marianske Lazne"]
[Date "2016.11.20"]
[Round "2"]
[White "Schramek, Kurt"]
[Black "Baumgarten, Werner"]
[Result "1/2-1/2"]
[WhiteElo "1602"]
[BlackElo "1882"]
[PlyCount "50"]
[EventDate "2016.11.19"]
[EventType "swiss"]
[EventRounds "11"]
[EventCountry "CZE"]
[SourceTitle "CBM 175 Extra"]
[Source "ChessBase"]
[SourceDate "2016.12.12"]
[SourceVersion "1"]
[SourceVersionDate "2016.12.12"]
[SourceQuality "1"]

1. d4 d5 2. Bf4 f5 3. e3 Nf6 4. c4 e6 5. Nc3 c6 6. Nf3 Be7 7. Bd3 0-0 8. 0-0 Nh5 9. Ne5 Nxf4 10. exf4 Qe8 11. Re1 Rf6 12. Qf3 Nd7 13. Ne2 Rh6 14. Rac1 Nf6 15. Ng3 Ne4 16. Qe2 Bh4 17. c5 g5 18. fxg5 Bxg5 19. Rc2 Bf4 20. Bxe4 dxe4 21. b4 Qd8 22. h3 Bxg3 23. fxg3 Qxd4+ 24. Qe3 Qxe3+ 25. Rxe3 Kf8 1/2-1/2

[Event "EU-chT Seniors"]
[Site "Sibenik"]
[Date "2014.04.05"]
[Round "5.16"]
[White "Baumgarten, Werner"]
[Black "Gustavsson, Sture"]
[Result "0-1"]
[WhiteElo "1932"]
[BlackElo "2005"]
[PlyCount "80"]
[EventDate "2014.04.01"]
[EventType "team-swiss"]
[EventRounds "9"]
[EventCountry "CRO"]
[SourceTitle "CBM 159 Extra"]
[Source "ChessBase"]
[SourceDate "2014.04.24"]
[SourceVersion "1"]
[SourceVersionDate "2014.04.24"]
[SourceQuality "1"]
[WhiteTeam "Germany Stiftung BSW/DBAG Seniors II"]
[BlackTeam "Sweden Seniors IV"]
[WhiteTeamCountry "GER"]
[BlackTeamCountry "SWE"]

1. d4 Nf6 2. c4 g6 3. Nc3 Bg7 4. e4 d6 5. Nf3 0-0 6. Bg5 h6 7. Be3 Ng4 8. Bd3 Nxe3 9. fxe3 e5 10. d5 a5 11. 0-0 Na6 12. a3 Bd7 13. Bc2 h5 14. Rb1 Bh6 15. Qe2 Nc5 16. b4 axb4 17. axb4 Na4 18. Nxa4 Bxa4 19. Bd3 Bd7 20. h3 Ra3 21. Ra1 Qa8 22. Rxa3 Qxa3 23. b5 Qc5 24. Re1 Ra8 25. Kf2 Ra3 26. Qc2 Qa7 27. Re2 Bxe3+ 28. Kf1 Ra1+ 29. Ne1 Bf4 30. Qc3 Bg3 31. c5 Bxe1 32. Rxe1 Rxe1+ 33. Kxe1 Qxc5 34. Qxc5 dxc5 35. Kf2 Kg7 36. Kf3 f5 37. h4 Kf6 38. exf5 Bxf5 39. Bc4 b6 40. g3 Bc2 0-1

[Event "Wch Seniors 23rd"]
[Site "Opatija"]
[Date "2013.11.12"]
[Round "1"]
[White "Baumgarten, Werner"]
[Black "Wittmann, Walter"]
[Result "1/2-1/2"]
[WhiteElo "1943"]
[BlackElo "2224"]
[PlyCount "69"]
[EventDate "2013.11.12"]
[EventType "swiss"]
[EventRounds "11"]
[EventCountry "CRO"]
[SourceTitle "CBM 157 Extra"]
[Source "ChessBase"]
[SourceDate "2013.12.19"]
[SourceVersion "1"]
[SourceVersionDate "2013.12.19"]
[SourceQuality "1"]

1. d4 Nf6 2. c4 g6 3. Nc3 d5 4. cxd5 Nxd5 5. e4 Nxc3 6. bxc3 Bg7 7. Bc4 c5 8. Be3 0-0 9. Nf3 cxd4 10. cxd4 Nc6 11. 0-0 Na5 12. Bd3 b6 13. Rc1 Bb7 14. Qd2 Qd7 15. h3 Rfc8 16. Qb4 e6 17. Bb5 Qd8 18. Rfd1 a6 19. Bd3 b5 20. g3 Bf8 21. Qd2 Ba3 22. Rxc8 Rxc8 23. Bg5 Qb6 24. Kg2 Nc4 25. Bxc4 Rxc4 26. Bh6 Qc7 27. d5 exd5 28. exd5 Rc2 29. Qd3 Rxa2 30. Kf1 Qd7 31. Qe3 Bd6 32. g4 Ra3 33. Qe4 b4 34. Qd4 f6 35. Qxf6 1/2-1/2

[Event "Wch Seniors 22nd"]
[Site "Kamena Vourla"]
[Date "2012.11.23"]
[Round "10"]
[White "Doubleday, William G"]
[Black "Baumgarten, Werner"]
[Result "1-0"]
[WhiteElo "2039"]
[BlackElo "1981"]
[PlyCount "39"]
[EventDate "2012.11.13"]
[EventType "swiss"]
[EventRounds "11"]
[EventCountry "GRE"]
[SourceTitle "CBM 151 Extra"]
[Source "ChessBase"]
[SourceDate "2012.12.18"]
[SourceVersion "1"]
[SourceVersionDate "2012.12.18"]
[SourceQuality "1"]

1. d4 d5 2. c4 e6 3. Nc3 c6 4. e3 f5 5. g4 fxg4 6. Qxg4 Nf6 7. Qe2 Bb4 8. Bg2 0-0 9. Bd2 Re8 10. Nf3 Nbd7 11. a3 Bd6 12. 0-0-0 dxc4 13. e4 Bf8 14. Qxc4 Nb6 15. Qe2 Qc7 16. Kb1 Qf7 17. Ne5 Qh5 18. Bf3 Qh3 19. Rdg1 Bd6 20. Rg3 1-0

[Event "Wch Seniors 22nd"]
[Site "Kamena Vourla"]
[Date "2012.11.19"]
[Round "7"]
[White "Baumgarten, Werner"]
[Black "Schwertel, Johann"]
[Result "1/2-1/2"]
[WhiteElo "1981"]
[BlackElo "2038"]
[PlyCount "48"]
[EventDate "2012.11.13"]
[EventType "swiss"]
[EventRounds "11"]
[EventCountry "GRE"]
[SourceTitle "CBM 151 Extra"]
[Source "ChessBase"]
[SourceDate "2012.12.18"]
[SourceVersion "1"]
[SourceVersionDate "2012.12.18"]
[SourceQuality "1"]

1. d4 d5 2. Nf3 Nf6 3. Bf4 e6 4. e3 Bd6 5. Bg5 c6 6. Nbd2 Nbd7 7. c4 0-0 8. Qc2 Be7 9. a3 h6 10. Bh4 dxc4 11. Bxc4 Nd5 12. Bg3 N7b6 13. Ba2 Bd6 14. Ne5 Bxe5 15. dxe5 Nd7 16. Bb1 g6 17. Nf3 Qa5+ 18. Kf1 Qc5 19. Qd2 Kg7 20. Bd3 Re8 21. Rc1 Qb6 22. h4 h5 23. Bb1 Nc5 24. Qc2 Nd7 1/2-1/2

[Event "Mittelrhein Verbandsliga-O 1112"]
[Site "Germany"]
[Date "2012.02.05"]
[Round "6"]
[White "Gassmann, Peter"]
[Black "Baumgarten, Werner"]
[Result "1-0"]
[WhiteElo "1915"]
[BlackElo "1830"]
[PlyCount "61"]
[EventDate "2011.09.18"]
[EventType "team-tourn"]
[EventRounds "11"]
[EventCountry "GER"]
[SourceTitle "EXT 2013"]
[Source "ChessBase"]
[SourceDate "2012.11.22"]
[SourceVersion "1"]
[SourceVersionDate "2012.11.22"]
[SourceQuality "1"]
[WhiteTeam "Siegburg"]
[BlackTeam "Erftstadt SV"]
[WhiteTeamCountry "GER"]
[BlackTeamCountry "GER"]

1. f4 b6 2. e4 Bb7 3. Nc3 e6 4. d4 c5 5. Nf3 cxd4 6. Nxd4 a6 7. a3 Nc6 8. Nb3 Qc7 9. Be3 b5 10. Be2 Na5 11. Nxa5 Qxa5 12. 0-0 Qc7 13. Bf3 Bc5 14. Bxc5 Qxc5+ 15. Kh1 Ne7 16. Qd2 Rd8 17. f5 f6 18. Rae1 0-0 19. e5 Bxf3 20. Rxf3 Nxf5 21. exf6 Rxf6 22. Ne4 Qc4 23. Nxf6+ gxf6 24. Rc3 Qh4 25. Rxe6 d5 26. Rf3 Kf7 27. Rxa6 Qe4 28. Qf2 Re8 29. h3 Re5 30. Kh2 Qe1 31. Rxf5 1-0

[Event "Gemuend op"]
[Site "Gemuend"]
[Date "1999.10.28"]
[Round "6"]
[White "Schuh, Willi"]
[Black "Baumgarten, Werner"]
[Result "1/2-1/2"]
[WhiteElo "1727"]
[BlackElo "1882"]
[PlyCount "107"]
[EventDate "1999.10.24"]
[EventType "swiss"]
[EventRounds "7"]
[EventCountry "GER"]
[SourceTitle "EXT 2003"]
[Source "ChessBase"]
[SourceDate "2002.11.25"]
[SourceVersion "1"]
[SourceVersionDate "2002.11.25"]
[SourceQuality "1"]

1. d4 d5 2. e3 Bf5 3. c4 c6 4. Nc3 e6 5. Nf3 Nd7 6. Be2 Bd6 7. 0-0 Rc8 8. b3 Ne7 9. Bb2 h6 10. Rc1 0-0 11. Nd2 Bh7 12. e4 dxe4 13. Ncxe4 Bb8 14. Nc3 Nf6 15. Nf3 Qd6 16. Bd3 Nf5 17. Ne4 Nxe4 18. Bxe4 Nh4 19. Bxh7+ Kxh7 20. g3 Nf5 21. Re1 Rcd8 22. Qc2 Kg8 23. Rcd1 Ne7 24. Re2 Rfe8 25. Red2 a6 26. Qc3 f6 27. b4 b5 28. Qb3 bxc4 29. Qxc4 Qd5 30. Qxd5 cxd5 31. Kg2 Rc8 32. Ne1 Rc4 33. a3 Ba7 34. Nc2 Rec8 35. Ne3 R4c6 36. f4 Kf7 37. Kf3 g6 38. g4 Bb8 39. h3 g5 40. fxg5 hxg5 41. Ng2 Ng6 42. Rh1 Rh8 43. Re2 Rhc8 44. Rhe1 Nf4 45. Nxf4 Bxf4 46. h4 Rh8 47. h5 Rhc8 48. Rg2 Rc4 49. Ree2 f5 50. Re1 Kf6 51. Ree2 R4c6 52. Re1 Rc4 53. Ree2 Bd6 54. Re1 1/2-1/2

[Event "Gemuend op"]
[Site "Gemuend"]
[Date "1999.10.27"]
[Round "5"]
[White "Baumgarten, Werner"]
[Black "Temminghoff, Stefan"]
[Result "1-0"]
[WhiteElo "1882"]
[BlackElo "1753"]
[PlyCount "61"]
[EventDate "1999.10.24"]
[EventType "swiss"]
[EventRounds "7"]
[EventCountry "GER"]
[SourceTitle "EXT 2003"]
[Source "ChessBase"]
[SourceDate "2002.11.25"]
[SourceVersion "1"]
[SourceVersionDate "2002.11.25"]
[SourceQuality "1"]

1. d4 d5 2. Nf3 Nf6 3. Bf4 c6 4. e3 Bg4 5. Nbd2 e6 6. c4 Bd6 7. Bg3 Bxg3 8. hxg3 Nbd7 9. Qb3 Qb6 10. Bd3 Bxf3 11. gxf3 h6 12. Qa3 e5 13. Nb3 e4 14. fxe4 Nxe4 15. cxd5 cxd5 16. Bxe4 dxe4 17. Rc1 f6 18. Nd2 Qe6 19. Rc7 Kf7 20. 0-0 h5 21. Qb3 Ke7 22. Qxe6+ Kxe6 23. Nxe4 Rab8 24. Rfc1 g5 25. f3 Rhd8 26. Kf2 g4 27. f4 f5 28. Ng5+ Kf6 29. Ke2 Nb6 30. Rf7+ Kg6 31. Rcc7 1-0

[Event "Gemuend op"]
[Site "Gemuend"]
[Date "1999.10.25"]
[Round "3"]
[White "Genster, Dirk"]
[Black "Baumgarten, Werner"]
[Result "1/2-1/2"]
[WhiteElo "2080"]
[BlackElo "1882"]
[PlyCount "45"]
[EventDate "1999.10.24"]
[EventType "swiss"]
[EventRounds "7"]
[EventCountry "GER"]
[SourceTitle "EXT 2003"]
[Source "ChessBase"]
[SourceDate "2002.11.25"]
[SourceVersion "1"]
[SourceVersionDate "2002.11.25"]
[SourceQuality "1"]

1. d4 d5 2. Nf3 f5 3. g3 Nf6 4. Bg2 e6 5. 0-0 Bd6 6. c4 c6 7. b3 Qe7 8. Bb2 Nbd7 9. Qc2 0-0 10. Nbd2 Qe8 11. Ne5 Qh5 12. Ndf3 g5 13. e3 Ne4 14. Ne1 g4 15. N1d3 Rf6 16. Nf4 Qg5 17. Qe2 Rh6 18. f3 gxf3 19. Bxf3 Nef6 20. a4 a5 21. Ba3 Bc7 22. Rac1 Qg7 23. Qg2 1/2-1/2

[Event "Bahn-chG"]
[Site "Baiersbronn"]
[Date "1998.10.28"]
[Round "5"]
[White "Baumgarten, Werner"]
[Black "Suijdendorp, Frans"]
[Result "1/2-1/2"]
[WhiteElo "1930"]
[BlackElo "1797"]
[PlyCount "63"]
[EventDate "1998.10.25"]
[EventType "swiss"]
[EventRounds "7"]
[EventCountry "GER"]
[SourceTitle "EXT 2001"]
[Source "ChessBase"]
[SourceDate "2000.11.22"]
[SourceVersion "1"]
[SourceVersionDate "2000.11.22"]
[SourceQuality "1"]

1. d4 Nf6 2. c4 g6 3. Nc3 d5 4. cxd5 Nxd5 5. e4 Nxc3 6. bxc3 Bg7 7. Bc4 c5 8. Ne2 0-0 9. 0-0 Nc6 10. Be3 Na5 11. Bd3 c4 12. Bc2 Bg4 13. f3 Bd7 14. a4 f5 15. exf5 Bxf5 16. Bxf5 Rxf5 17. Ng3 Rd5 18. f4 Qd7 19. Qf3 Rf8 20. Qe4 e6 21. Ra2 b6 22. Bc1 Nb7 23. Qe2 Rc8 24. Re1 Nd8 25. Ne4 h6 26. Nd2 Qc6 27. Qe4 Kh7 28. Nf3 Ra5 29. Qc2 Rc7 30. Nh4 Qe8 31. Nf3 Qf7 32. Ne5 1/2-1/2

[Event "Bahn-chG"]
[Site "Baiersbronn"]
[Date "1998.10.25"]
[Round "1"]
[White "Baumgarten, Werner"]
[Black "Morgner, Siegfried"]
[Result "1-0"]
[WhiteElo "1930"]
[BlackElo "1706"]
[PlyCount "41"]
[EventDate "1998.10.25"]
[EventType "swiss"]
[EventRounds "7"]
[EventCountry "GER"]
[SourceTitle "EXT 2001"]
[Source "ChessBase"]
[SourceDate "2000.11.22"]
[SourceVersion "1"]
[SourceVersionDate "2000.11.22"]
[SourceQuality "1"]

1. d4 g6 2. c4 d6 3. Nc3 Bg7 4. e4 Nf6 5. f3 0-0 6. Bg5 e5 7. dxe5 dxe5 8. Qxd8 Rxd8 9. Nd5 Nbd7 10. Nxc7 Rb8 11. Rd1 h6 12. Be3 b6 13. Nd5 Bb7 14. Ne2 Bf8 15. Nec3 Kg7 16. Be2 Nxd5 17. Nxd5 Bxd5 18. Rxd5 Nc5 19. Rxe5 Nd3+ 20. Bxd3 Rxd3 21. Ke2 1-0